000
00333nam a22001457a 4500
008
181031b xxu||||| |||| 00| 0 eng d
020
_a
262180391
041
_a
eng
080
_a
101
082
_a
101
100
_a
24
101
_a
FIL
245
_a
Essays on the active powers of the human mind
_c
Reid. TH
942
_2
udc
_c
BK
999
_c
51209
_d
51209